| 000 | 01174cam a22002894a 4500 | ||
|---|---|---|---|
| 001 | 13408458 | ||
| 005 | 20220217185510.0 | ||
| 008 | 031118s2004 enk b 001 0 eng | ||
| 906 |
_a7 _bcbc _corignew _d1 _eecip _f20 _gy-gencatlg |
||
| 925 | 0 |
_aacquire _b2 shelf copies _xpolicy default |
|
| 955 |
_djg12 2003-11-19 _ejg07 2003-11-19 to Dewey _fjg12 2005-10-15 _gjg12 2005-10-15 |
||
| 010 | _a 2003025400 | ||
| 020 | _a0863802834 | ||
| 040 |
_aDLC _cDLC _dDLC |
||
| 042 | _apcc | ||
| 050 | 0 | 0 |
_aTH213.5 _b.P49 2004 |
| 082 | 0 | 0 |
_a690 _222 |
| 100 | 1 |
_aPhua, Florence, _d1974- |
|
| 245 | 1 | 0 |
_aImproving construction cooperation : _bnew theoretical insights into how and why / _cFlorence Phua. |
| 260 |
_aHertfordshire, England ; Williston, VT, USA : _bResearch Studies Press, _cc2004. |
||
| 300 |
_axii, 198 p. ; _c23 cm. |
||
| 440 | 0 |
_aCurrent directions in real estate and construction series ; _v1 |
|
| 504 | _aIncludes bibliographical references and index. | ||
| 650 | 0 |
_aBuilding _xResearch. |
|
| 650 | 0 |
_aBuilding _xSuperintendence. |
|
| 650 | 0 | _aCooperation. | |
| 999 |
_c9821 _d9821 |
||